Doomwatch : The World in Danger /

Adaptación literaria en lenguaje simplificado de tres episodios de la serie televisiva de ciencia-ficción británica, Doomwatch, transmitida entre 1970 y 1972.

محفوظ في:
التفاصيل البيبلوغرافية
المؤلف الرئيسي: Pedler, Kit (autor)
مؤلفون آخرون: Davis, Gerry (autor) (autor), Walsh, Gordon (edición) (edición), Osbourne, Richard (ilustración) (ilustración)
التنسيق: كتاب
اللغة:الإسبانية
منشور في: Londres, Inglaterra : Longman, 1975, c1975
الطبعة:Edición abreviada
سلاسل:(Longman Structural Readers: Fiction. Stage 4)
الموضوعات:
الوسوم: إضافة وسم
لا توجد وسوم, كن أول من يضع وسما على هذه التسجيلة!

MARC

LEADER 00000nam^a2200000^a^4500
001 000382256
005 20250521000000.0
009 20260310120733.754
020 |a 0-582-53823-8 
037 |a Acervo ITESO - Biblioteca 
041 |a ESP 
082 |a 425.  |b LON STR S. 4 V. 1 
100 |a Pedler, Kit  |e (autor) 
245 1 0 |a Doomwatch :  |b The World in Danger /  |c K. Pedler, G. Davis ; ed. de G. Walsh ; il. de R. Osbourne. 
250 |a Edición abreviada 
264 4 |a Londres, Inglaterra :  |b Longman,  |c 1975, c1975 
300 |a 90 p. 
336 |a texto  |b txt  |2 rdacontenido 
337 |a sin mediación  |b n  |2 rdamedio 
338 |a volumen  |b nc  |2 rdasoporte 
440 1 |a (Longman Structural Readers: Fiction.  |p Stage 4) 
500 |a Basado en: The Plastic Eaters, The Red Sky, Survival Code, de Kit Pedler, Gerry Davis 
520 |a Adaptación literaria en lenguaje simplificado de tres episodios de la serie televisiva de ciencia-ficción británica, Doomwatch, transmitida entre 1970 y 1972. 
561 |a Ex libris manuscrito de Gabriela Vargas de la Mora 
649 |a XX 
650 |a Novelización 
650 |a Cuentos Ingleses 
650 |a Literatura Inglesa -  |y Siglo XX 
650 |a Literatura de Ciencia-Ficción -  |z Inglaterra 
650 |a Inglés como Lengua Extranjera -  |x Estudio y Enseñanza -  |x Tema Principal 
650 |a Inglés -  |x Estudio y Enseñanza 
650 |a Lenguas Germánicas -  |x Estudio y Enseñanza 
650 |a Lenguas Indo-Europeas -  |x Estudio y Enseñanza 
650 |a Lenguas -  |x Estudio y Enseñanza 
650 |a Lingüística 
700 |a Davis, Gerry  |e (autor) 
700 |a Walsh, Gordon  |e (edición) 
700 |a Osbourne, Richard  |e (ilustración) 
910 |a Fondo General 
920 |a Impresos - Libros 
930 |a Colección General 
905 |a 101 
901 |a 0500276929  |b IT1  |c ACC  |i D78415  |u 20250521 
902 |a https://opac.biblio.iteso.mx/vufind/Record/000382256